000 002500000a22000970004500
100 1 _aRivera Velázquez, Melvin
245 1 0 _a¿Quién me tocó?
300 _aVol. 53, Núm 236 (1998), Páginas 4-5
773 0 _tLa Biblia de las Américas
942 _cANA
999 _c51479
_d51479